000 00373nam a22001217a 4500
999 _c9334
_d9334
003 OSt
008 201203b ||||| |||| 00| 0 eng d
245 _aThe Indian Concrete Journal
250 _a2013(Aug Vol.87 No.8, Sep Vol.87 No.9, Oct Vol.87 No.10, Nov Vol.87 No.11, Dec Vol.87 No.12)
260 _aNew Delhi
_bACC Limited
650 _aCivil Engineering
942 _2ddc
_cBV